000 00297nam a2200121 a 4500
005 20141022141959.0
008 120306s19uu xx 00 eng d
050 _aCD
_bG14 2008
100 _aJacobs, Scott
245 _aGame programming gems 7 /
_cScott Jacobs.
260 _c2008.
942 _cAVM
999 _c276119
_d276119